| 000 | 004380000a22001810004500 | ||
|---|---|---|---|
| 003 | MACL | ||
| 005 | 20160103121144.0 | ||
| 008 | 160103b xxu||||| |||| 00| 0 eng d | ||
| 040 |
_aMACL _cMACL |
||
| 041 | _aEnglish | ||
| 082 | _a822 | ||
| 100 |
_aCartmell, Van H _927605 |
||
| 245 | _aSixteen Famous American Plays | ||
| 260 |
_bThe Modern library _aNew York _c1941 |
||
| 350 | _a12 | ||
| 650 |
_aDrama _927606 |
||
| 942 |
_cBK _k822 _2ddc |
||
| 999 |
_c34546 _d34546 |
||